| 000 | 00000nam 2200000zi 4500 |
| 001 | 9.894366 |
| 003 | CaOODSP |
| 005 | 20240501140840 |
| 006 | m o d f |
| 007 | cr |n||||||||| |
| 008 | 201204t20202020onc ob f|0| 0 eng d |
| 020 | |a9780660368283|z9780660241647 |
| 040 | |aCaOODSP|beng|erda|cCaOODSP |
| 043 | |an-cn--- |
| 086 | 1 |aBT22-185/2020E-PDF |
| 245 | 00|aGreening government strategy : |ba government of Canada directive. |
| 264 | 1|a[Ottawa] : |bTreasury Board of Canada Secretariat = Secrétariat du Conseil du Trésor du Canada, |c2020. |
| 264 | 4|c©2020 |
| 300 | |a1 online resource (21 unnumbered pages) |
| 336 | |atext|btxt|2rdacontent |
| 337 | |acomputer|bc|2rdamedia |
| 338 | |aonline resource|bcr|2rdacarrier |
| 500 | |aIssued also in French under title: Stratégie pour un gouvernement vert : une directive du gouvernement du Canada. |
| 500 | |a"Published: 2020-11-13." |
| 500 | |aIncorrect ISBN (9780660241647) printed in this publication. |
| 504 | |aIncludes bibliographical references (pages 18-20). |
| 650 | 0|aGreenhouse gas mitigation|xGovernment policy|zCanada. |
| 650 | 0|aClimate change mitigation|xGovernment policy|zCanada. |
| 650 | 0|aWaste minimization|xGovernment policy|zCanada. |
| 650 | 0|aWater conservation|xGovernment policy|zCanada. |
| 650 | 0|aBiodiversity conservation|xGovernment policy|zCanada. |
| 710 | 1 |aCanada. |bTreasury Board, |eissuing body. |
| 775 | 08|tStratégie pour un gouvernement vert : |w(CaOODSP)9.894367 |
| 794 | |tGreening government strategy : |b(2022-03-28)|w(CaOODSP)9.910197 |
| 795 | |tGreening government strategy |b(2017-12-19)|w(CaOODSP)9.848462 |
| 856 | 40|qPDF|s1.91 MB|uhttps://publications.gc.ca/collections/collection_2021/sct-tbs/BT22-185-2020-eng.pdf |